| 000 | 00621nam a2200181 a 4500 | ||
|---|---|---|---|
| 001 | 000035145 | ||
| 005 | 20250520113530.0 | ||
| 008 | 111025s1955 ag 000 0 spa d | ||
| 040 |
_aDO-SdBNP _bspa _cBNPHU |
||
| 100 | 1 |
_aMira y López, Emilio, _d1896 - 1964 _935218 |
|
| 245 | 1 | 0 |
_aProblemas psicológicos actuales / _cEmilio Mira y López. |
| 250 | _a5. ed. | ||
| 260 |
_aBuenos Aires : _bLibrería "El Ateneo" Editorial, _c1955. |
||
| 300 |
_a240 p. ; _c20 cm. |
||
| 490 | 0 | _aColección cultura universal | |
| 590 | _aPerteneció a la biblioteca personal de Juan Isidro Jimenes Grullón. | ||
| 650 | 2 | 0 |
_aPsicología _9152 |
| 999 |
_c34636 _d34636 |
||